Williams' essentials of nutrition and diet therapy / (Record no. 21177)
[ view plain ]
| 000 -LEADER | |
|---|---|
| fixed length control field | 00959nam a22002775a 4500 |
| 005 - DATE AND TIME OF LATEST TRANSACTION | |
| control field | 20160217123710.0 |
| 008 - FIXED-LENGTH DATA ELEMENTS--GENERAL INFORMATION | |
| fixed length control field | 160217t2011 moua frb 001 0 eng d |
| 020 ## - INTERNATIONAL STANDARD BOOK NUMBER | |
| International Standard Book Number | 9780323222747 |
| 040 ## - CATALOGING SOURCE | |
| Original cataloging agency | EG-ScBUE |
| Language of cataloging | eng |
| Transcribing agency | EG-ScBUE |
| 082 04 - DEWEY DECIMAL CLASSIFICATION NUMBER | |
| Edition number | 22 |
| Classification number | 613.2 |
| Item number | SCH |
| 100 1# - MAIN ENTRY--PERSONAL NAME | |
| Personal name | Schlenker, Eleanor, D. |
| 9 (RLIN) | 28214 |
| 245 10 - TITLE STATEMENT | |
| Title | Williams' essentials of nutrition and diet therapy / |
| Statement of responsibility, etc | Eleanor D. Schlenker, Sara Long Roth. |
| 246 30 - VARYING FORM OF TITLE | |
| Title proper/short title | Essentials of nutrition and diet therapy |
| 250 ## - EDITION STATEMENT | |
| Edition statement | 10th ed., Revised reprint. |
| 260 ## - PUBLICATION, DISTRIBUTION, ETC. (IMPRINT) | |
| Place of publication, distribution, etc | Missouri : |
| Name of publisher, distributor, etc | Elsevier / Mosby, |
| Date of publication, distribution, etc | c.2011. |
| 300 ## - PHYSICAL DESCRIPTION | |
| Extent | xx, 634 p. : |
| Other physical details | ill. ; |
| Dimensions | 30 cm. |
| 500 ## - GENERAL NOTE | |
| General note | Index : p. 607-634. |
| 500 ## - GENERAL NOTE | |
| General note | Includes online access to nutritrac nutrition analysis 5.0. |
| 504 ## - BIBLIOGRAPHY, ETC. NOTE | |
| Bibliography, etc | Includes bibliographical references. |
| 650 #7 - SUBJECT ADDED ENTRY--TOPICAL TERM | |
| Source of heading or term | BUEsh |
| 9 (RLIN) | 19370 |
| Topical term or geographic name as entry element | Nutrition. |
| 650 #7 - SUBJECT ADDED ENTRY--TOPICAL TERM | |
| 9 (RLIN) | 20992 |
| Topical term or geographic name as entry element | Diet therapy. |
| Source of heading or term | BUEsh |
| 651 ## - SUBJECT ADDED ENTRY--GEOGRAPHIC NAME | |
| Source of heading or term | BUEsh |
| 653 ## - INDEX TERM--UNCONTROLLED | |
| Resource For college | Nursing |
| Arrived date list | February2016 |
| 700 1# - ADDED ENTRY--PERSONAL NAME | |
| 9 (RLIN) | 28213 |
| Personal name | Roth, Sara Long. |
| 942 ## - ADDED ENTRY ELEMENTS (KOHA) | |
| Source of classification or shelving scheme | Dewey Decimal Classification |
| Withdrawn status | Item status | Source of classification or shelving scheme | Damaged status | Not for loan | Vendor | Home library | Current library | Shelving location | Date acquired | Source of acquisition | Cost, normal purchase price | Serial Enumeration / chronology | Total Checkouts | Total Renewals | Full call number | Barcode | Date last seen | Date last borrowed | Cost, replacement price | Koha item type |
|---|---|---|---|---|---|---|---|---|---|---|---|---|---|---|---|---|---|---|---|---|
| Dewey Decimal Classification | Academic Bookshop | Central Library | Central Library | First floor | 17/02/2016 | Purchase | 950.00 | 4862 | 6 | 20 | 613.2 SCH | 000031602 | 15/07/2025 | 03/03/2019 | 1187.50 | Book - Borrowing | ||||
| Dewey Decimal Classification | Academic Bookshop | Central Library | Central Library | First floor | 17/02/2016 | Purchase | 950.00 | 4862 | 6 | 14 | 613.2 SCH | 000031603 | 09/05/2026 | 17/03/2026 | 1187.50 | Book - Borrowing |